<?xml version="1.0" encoding="UTF-8"?>
<record
    xmlns:xsi="http://www.w3.org/2001/XMLSchema-instance"
    xsi:schemaLocation="http://www.loc.gov/MARC21/slim http://www.loc.gov/standards/marcxml/schema/MARC21slim.xsd"
    xmlns="http://www.loc.gov/MARC21/slim">

  <leader>01568nam1a2200313 i 4500</leader>
  <controlfield tag="001">RU\NLR\bibl\261434</controlfield>
  <controlfield tag="005">20260407072632.0</controlfield>
  <datafield tag="035" ind1=" " ind2=" ">
    <subfield code="a">(NLR Aleph) 000257074</subfield>
  </datafield>
  <datafield tag="090" ind1=" " ind2=" ">
    <subfield code="a">1501047</subfield>
    <subfield code="c">1501047</subfield>
  </datafield>
  <datafield tag="100" ind1=" " ind2=" ">
    <subfield code="a">20020513d20019999u  y0rusy50      ca</subfield>
  </datafield>
  <datafield tag="101" ind1="0" ind2=" ">
    <subfield code="a">rus</subfield>
  </datafield>
  <datafield tag="102" ind1=" " ind2=" ">
    <subfield code="a">RU</subfield>
  </datafield>
  <datafield tag="105" ind1=" " ind2=" ">
    <subfield code="a">y   |||||||||</subfield>
  </datafield>
  <datafield tag="200" ind1="1" ind2=" ">
    <subfield code="a">&#x41E;&#x43A;&#x442;&#x44F;&#x431;&#x440;&#x44C;&#x441;&#x43A;&#x430;&#x44F; &#x440;&#x435;&#x432;&#x43E;&#x43B;&#x44E;&#x446;&#x438;&#x44F; &#x438; &#x444;&#x430;&#x431;&#x437;&#x430;&#x432;&#x43A;&#x43E;&#x43C;&#x44B;</subfield>
    <subfield code="e">&#x41C;&#x430;&#x442;&#x435;&#x440;&#x438;&#x430;&#x43B;&#x44B; &#x43F;&#x43E; &#x438;&#x441;&#x442;&#x43E;&#x440;&#x438;&#x438; &#x444;&#x430;&#x431;.-&#x437;&#x430;&#x432;. &#x43A;&#x43E;&#x43C;&#x438;&#x442;&#x435;&#x442;&#x43E;&#x432;</subfield>
    <subfield code="f">&#x41A;&#x43E;&#x43C;&#x438;&#x441;. &#x43F;&#x43E; &#x438;&#x437;&#x443;&#x447;. &#x438;&#x441;&#x442;&#x43E;&#x440;&#x438;&#x438; &#x43F;&#x440;&#x43E;&#x444;. &#x434;&#x432;&#x438;&#x436;&#x435;&#x43D;&#x438;&#x44F; &#x432; &#x421;&#x421;&#x421;&#x420; (&#x418;&#x441;&#x442;&#x43F;&#x440;&#x43E;&#x444; &#x412;&#x426;&#x421;&#x41F;&#x421;)</subfield>
    <subfield code="g">&#x421;&#x43E;&#x441;&#x442;. &#x43F;&#x43E;&#x434; &#x440;&#x435;&#x434;. &#x410;&#x43C;&#x43E;&#x441;&#x43E;&#x432;&#x430; &#x41F;.&#x41D;. &#x438; &#x434;&#x440;.</subfield>
    <subfield code="g">[&#x41D;&#x430;&#x443;&#x447;. &#x440;&#x435;&#x434;. &#x434;.&#x44D;.&#x43D;., &#x43F;&#x440;&#x43E;&#x444;. &#x415;&#x441;&#x438;&#x43C;&#x430;&#x441;&#x430; &#x426;&#x443;&#x434;&#x437;&#x438;</subfield>
  </datafield>
  <datafield tag="205" ind1=" " ind2=" ">
    <subfield code="a">2-&#x435; &#x438;&#x437;&#x434;., &#x443;&#x442;&#x43E;&#x447;&#x43D;.]</subfield>
  </datafield>
  <datafield tag="210" ind1=" " ind2=" ">
    <subfield code="a">&#x422;&#x43E;&#x43A;&#x438;&#x43E;</subfield>
    <subfield code="c">&#x411;.&#x438;.</subfield>
    <subfield code="d">2001</subfield>
  </datafield>
  <datafield tag="215" ind1=" " ind2=" ">
    <subfield code="d">20</subfield>
  </datafield>
  <datafield tag="463" ind1=" " ind2="0">
    <subfield code="1">001240274</subfield>
  </datafield>
  <datafield tag="606" ind1="0" ind2=" ">
    <subfield code="a">&#x424;&#x430;&#x431;&#x440;&#x438;&#x447;&#x43D;&#x43E;-&#x437;&#x430;&#x432;&#x43E;&#x434;&#x441;&#x43A;&#x438;&#x435; &#x43A;&#x43E;&#x43C;&#x438;&#x442;&#x435;&#x442;&#x44B;</subfield>
    <subfield code="x">&#x418;&#x441;&#x442;&#x43E;&#x440;&#x438;&#x44F;</subfield>
    <subfield code="z">1917</subfield>
    <subfield code="9">2164403</subfield>
    <subfield code="3">RU\NLR\auth\661302387</subfield>
  </datafield>
  <datafield tag="686" ind1=" " ind2=" ">
    <subfield code="a">&#x422;3(2)711.19-425</subfield>
  </datafield>
  <datafield tag="686" ind1=" " ind2=" ">
    <subfield code="a">&#x422;3(2)711.29-384</subfield>
  </datafield>
  <datafield tag="702" ind1=" " ind2="1">
    <subfield code="a">&#x410;&#x43C;&#x43E;&#x441;&#x43E;&#x432;</subfield>
    <subfield code="b">&#x41F;. &#x41D;.</subfield>
    <subfield code="4">340</subfield>
  </datafield>
  <datafield tag="702" ind1=" " ind2="1">
    <subfield code="4">340</subfield>
    <subfield code="8">rus</subfield>
    <subfield code="7">ca</subfield>
    <subfield code="a">&#x426;&#x443;&#x434;&#x437;&#x438;</subfield>
    <subfield code="b">&#x415;.</subfield>
    <subfield code="g">&#x415;&#x441;&#x438;&#x43C;&#x430;&#x441;&#x430;</subfield>
    <subfield code="3">RU\NLR\AUTH\7714629</subfield>
    <subfield code="9">124300</subfield>
  </datafield>
  <datafield tag="712" ind1="0" ind2="2">
    <subfield code="a">&#x412;&#x426;&#x421;&#x41F;&#x421;</subfield>
    <subfield code="b">&#x41A;&#x43E;&#x43C;&#x438;&#x441;&#x441;&#x438;&#x44F; &#x43F;&#x43E; &#x438;&#x437;&#x443;&#x447;&#x435;&#x43D;&#x438;&#x44E; &#x438;&#x441;&#x442;&#x43E;&#x440;&#x438;&#x438; &#x43F;&#x440;&#x43E;&#x444;&#x435;&#x441;&#x441;&#x438;&#x43E;&#x43D;&#x430;&#x43B;&#x44C;&#x43D;&#x43E;&#x433;&#x43E; &#x434;&#x432;&#x438;&#x436;&#x435;&#x43D;&#x438;&#x44F;</subfield>
    <subfield code="3">RU\NLR\AUTH\8810036481</subfield>
    <subfield code="9">571640</subfield>
  </datafield>
  <datafield tag="801" ind1=" " ind2="0">
    <subfield code="a">RU</subfield>
    <subfield code="b">NLR</subfield>
    <subfield code="c">20020513</subfield>
    <subfield code="g">PSBO</subfield>
  </datafield>
  <datafield tag="801" ind1=" " ind2="1">
    <subfield code="a">RU</subfield>
    <subfield code="b">NLR</subfield>
    <subfield code="c">20020513</subfield>
  </datafield>
  <datafield tag="852" ind1=" " ind2=" ">
    <subfield code="a">NLR</subfield>
    <subfield code="j">2002-3/5759</subfield>
  </datafield>
  <datafield tag="942" ind1=" " ind2=" ">
    <subfield code="c">BOOK</subfield>
  </datafield>
</record>
